000
00335nam a2200133Ia 4500
008
240624s9999 xx 000 0 und d
041
_a
eng
082
_a
658.4012 MAZ
100
_a
MAZZUCATO MARIANA
245
_a
STRATEGY FOR BUSINESS A READER
260
_c
2002
_a
London
_b
Sage Publications
300
_a
400 : p.
365
_c
GBP
_b
30
999
_c
20905
_d
20905